Close to events : (Record no. 66521)

MARC details
000 -LEADER
fixed length control field 00886nam a22002057a 4500
005 - DATE AND TIME OF LATEST TRANSACTION
control field 20120511162831.0
010 ## - LCCN (DPL NO)
LC control number B-459137
020 ## - INTERNATIONAL STANDARD BOOK NUMBER
International Standard Book Number 9788189738242
Terms of availability 2000.00
035 ## - SYSTEM CONTROL NUMBER
System control number B-459137
037 ## - SOURCE OF ACQUISITION
Stock number dpl
Source of stock number/acquisition Allied Pub /Ven
082 ## - DEWEY DECIMAL CLASSIFICATION NUMBER
Classification number 759.954
100 ## - MAIN ENTRY--PERSONAL NAME
Personal name Majumdar,Manasij
245 ## - TITLE STATEMENT
Title Close to events :
Statement of responsibility, etc by Manasij majumdar
Remainder of title works of Bikash Bhattacharjee /
260 ## - PUBLICATION, DISTRIBUTION, ETC. (IMPRINT)
Place of publication, distribution, etc New Delhi
Name of publisher, distributor, etc Niyogi Books
Date of publication, distribution, etc 2007
270 ## - ADDRESS
Address D-78 Okhla Industrial Area phase i
City New Delhi
Postal code 110020
300 ## - PHYSICAL DESCRIPTION
Extent 240p
Other physical details coll,illus
Dimensions 32cm(Hb)
942 ## - ADDED ENTRY ELEMENTS (KOHA)
Source of classification or shelving scheme Dewey Decimal Classification
Item type English Books
Call number suffix MAJ
Classification part 759.954
Holdings
Withdrawn status Lost status Not for loan Collection code Home library Current library Date acquired Source of acquisition Cost, normal purchase price Full call number Barcode Copy number Cost, replacement price Koha item type
    Not For Loan Non-fiction Central Library Central Library 18/05/2012 Allied Pub/1786/25.01.2012/27/18.01.2012/06.02.2012 2000.00 759.954 MAJ B-459137 1 2000.00 English Books

© Delhi Public Library
Hit Counter
free hit counter